| 000 | 01253nam a2200241 a 4500 | ||
|---|---|---|---|
| 001 | 000010855 | ||
| 005 | 20200929162315.0 | ||
| 008 | 091012s1959 dr 001 0 spa d | ||
| 040 |
_aDO-SdBNP _bspa _cBNPHU |
||
| 082 |
_a333.7097293 _bS989a |
||
| 111 | 1 |
_aSymposium para Evaluación y Defensa de los Recursos Naturales de la República Dominicana _n(1: _d1958 : _cCiudad Trujillo, República Dominicana) _926180 |
|
| 245 | 1 | 0 | _aActa final del primer symposium para evaluación y defensa de los recursos naturales de la República Dominicana. |
| 260 |
_aSanto Domingo : _bLibrería Dominicana, _c1959. |
||
| 300 |
_a227 p. ; _c24 cm. |
||
| 490 | 1 |
_aPublicaciones de la Universidad de Santo Domingo _v119 |
|
| 490 | 1 |
_aPublicaciones de la Universidad de Santo Domingo _v4, n.5 |
|
| 590 | _aInventariado, 2019 / DG | ||
| 650 | 4 |
_aRecursos naturales _zRepública Dominicana _vCONGRESOS, CONFERENCIAS, ETC. _926181 |
|
| 650 | 4 |
_aConservación de recursos naturales _xPolítica de gobernamental _zRepública Dominicana _vCONGRESOS, CONFERENCIAS, ETC. _926182 |
|
| 830 | 0 |
_aPublicaciones de la Universidad de Santo Domingo _v119 _9818 |
|
| 830 | 0 |
_aPublicaciones de la Universidad de Santo Domingo _vSerie, 4 _n5 _926183 |
|
| 910 | _aValidado. Control de calidad MFF | ||
| 999 |
_c10604 _d10604 |
||